| 000 | 00000nam##2200000za#4500 |
| 001 | 9.696181 |
| 003 | CaOODSP |
| 005 | 20210624234921 |
| 007 | cr ||||||||||| |
| 008 | 150407|2001||||xxc|||||o f|0| 0 eng|d |
| 040 | |aCaOODSP|beng |
| 043 | |an-cn--- |
| 086 | 1 |aEn40-645/2001E-PDF |
| 110 | 1 |aCanada. |bEnvironment Canada. |bEnvironmental Protection Service. |
| 245 | 10|aGuidelines for the notification and testing of new substances : |h[electronic resource]|bchemicals and polymers |
| 260 | |aOttawa - Ontario : |bEnvironment Canada. |cAugust 2001. |
| 300 | |a228p.|bfigs., glossary, tables, index |
| 546 | |a(Résumé en français). |
| 590 | |a12-21-Supp|b2012-05-18 |
| 690 | 07|aChemicals|2gcpds |
| 690 | 07|aTesting|2gcpds |
| 690 | 07|aPlastics industry|2gcpds |
| 775 | 08|tDirectives pour la déclaration et les essais de substances nouvelles : |w(CaOODSP)9.640298 |
| 776 | 0#|tGuidelines for the notification and testing of new substances: chemicals and polymers |w(CaOODSP)9.648379 |
| 856 | 40|ahttp://publications.gc.ca|qPDF|s404 KB|uhttps://publications.gc.ca/collections/Collection/En40-645-2001E.pdf |